[Event "Open A"]
[Site "Hamburg GER"]
[Date "2005.10.04"]
[Round "4"]
[White "Piepho,N"]
[Black "Richter,Ch"]
[Result "1/2-1/2"]
[WhiteElo "2230"]
[BlackElo "2435"]

1.Nf3 Nf6 2.g3 g6 3.Bg2 Bg7 4.c4 O-O 5.Nc3 d6 6.d3 Nc6 7.O-O e5 8.Rb1 a5
9.a3 Re8 10.Bg5 h6 11.Bxf6 Bxf6 12.b4 axb4 13.axb4 Nd4 14.Nd2 Bg7 15.e3 Nf5
16.Qc2 h5 17.c5 Ne7 18.cxd6 cxd6 19.Nb5 Bd7 20.Nxd6 Ba4 21.Qc5 b6 22.Qc4 Qxd6
23.Bxa8 Rxa8 24.b5 Ra5 25.Rb2 Qd7 26.Rfb1 Nd5 27.Ne4 Kh8 28.Ng5 f6 29.e4 Nc7
30.Qf7 Qxf7 31.Nxf7+ Kg8 32.Nd6 Bf8 33.Nc4 Rxb5 34.Nxb6 Rxb2 35.Rxb2 Bb5
36.Na8 Nxa8 37.Rxb5 Nc7 38.Rb6 Kf7 39.Kf1 Ne6 40.Ke2 Nd4+ 41.Kf1 g5 42.Kg2 g4
43.h3 Nf3 44.hxg4 hxg4 45.Rb7+ Kg6 46.Kf1 Bc5 47.Rc7 Bb6 48.Rb7 Bd4 49.Rb8 Ng5
50.Kg2 Kg7 51.Rb7+ Kh6 52.Rb8 Nf3 53.Kf1 Bc3 54.Rg8 Kh5 55.Rh8+ Kg6 56.Rc8 Bb4
57.Rb8 Be7 58.Rc8 Kf7 59.Rb8 Bf8 60.Rb7+ Ke6 61.Rb6+ Bd6 62.Ra6 Nd4 63.Ra8 Kf7
64.Ra7+ Be7 65.Rb7 Nf3 66.Ra7 Nd4 67.Rb7 Ke6 68.Rb8 Kf7 69.Rb7  1/2-1/2

[Event "Vojvodina Quality League"]
[Site "Pancevo SCG"]
[Date "2005.10.04"]
[Round "2"]
[White "Bogosavljevic,B"]
[Black "Vrbljanac,A"]
[Result "1/2-1/2"]
[WhiteElo "2325"]
[BlackElo "2276"]

1.Nf3 Nf6 2.c4 g6 3.g3 Bg7 4.Bg2 O-O 5.O-O d6 6.d4 Nbd7 7.Nc3 e5 8.e4 Re8
9.Re1 c6 10.h3 a5 11.Be3 exd4 12.Nxd4 Nc5 13.Qc2 a4 14.Rad1 Nfd7 15.f4 Qa5
16.Bf2 Nf8 17.Nf3 a3 18.Rxd6 axb2 19.e5 Bf5 20.Qd2 Nfe6 21.g4 Ne4 22.Nxe4 Bxe4
23.Qxb2 Bxf3 24.Rxe6 Rxe6 25.Bxf3 Bf8 26.f5 Bc5 27.Re2 Bxf2+ 28.Kxf2 Re7
29.f6 Rd7 30.Kg2 Rad8 31.Qb3 Rd2 32.e6 Rxe2+ 33.Bxe2 Qe5 34.exf7+ Kxf7 35.Qxb7+ Kxf6
36.Qxc6+ Kg5 37.Qb5 Qxb5 38.cxb5 Rd2 39.Kf2 Rxa2 40.Ke3 Kh4 41.Bc4 Rb2 42.Kd4 Kxh3
43.Kc3 Rf2 44.Be6 Rf6 45.Bc8 Rf8 46.Be6 Re8 47.Bd7 Re7 48.Bc6 Rc7 49.Kd4 Kxg4
50.Kd5 Kg3 51.Kd6 Rc8 52.Be4 Rc4 53.Bd5 Rb4 54.Kc5 Rb2 55.b6 g5 56.b7 h5
57.Bc6 Rxb7 58.Bxb7 Kf2 59.Kd4 h4 60.Ke4 g4 61.Kf4 g3 62.Kg4  1/2-1/2

[Event "Vojvodina Quality League"]
[Site "Pancevo SCG"]
[Date "2005.10.04"]
[Round "3"]
[White "Stajic,P"]
[Black "Bala,K"]
[Result "1-0"]
[WhiteElo "2193"]
[BlackElo "2205"]

1.Nf3 Nf6 2.c4 g6 3.g3 Bg7 4.Bg2 O-O 5.O-O d6 6.d4 Nc6 7.d5 Na5 8.Nfd2 c5
9.Nc3 a6 10.Qc2 b5 11.b3 b4 12.Nd1 Bf5 13.e4 Nxe4 14.Bxe4 Bxe4 15.Nxe4 Bxa1
16.Bh6 Bg7 17.Bxg7 Kxg7 18.Qb2+ Kg8 19.f4 f5 20.Ng5 Rf6 21.Re1 Qd7 22.Nf2 Nb7
23.g4 Nd8 24.Re3 fxg4 25.Qe2 Ra7 26.Nxg4 Rxf4 27.Nh6+ Kg7 28.Rh3 a5 29.Qb2+ Rd4
30.Qf2 Rg4+ 31.Nxg4 Qxg4+ 32.Rg3 Qd4 33.Qxd4+ cxd4 34.Rd3 h6 35.Nf3 e5 36.dxe6 Nxe6
37.Nxd4 Nc5 38.Rd1 Ne4 39.Nb5 Ra6 40.Rd4 Nc5 41.Rxd6 Rxd6 42.Nxd6 a4 43.bxa4 Nxa4
44.Ne4 Nc3 45.Nd2 Nxa2 46.Nb3 Kf6 47.Kf2 Ke5 48.Ke3 Nc3 49.Nc5 Nd1+ 50.Kd2 Nb2
51.Kc2 Nxc4 52.Nd3+ Kf5 53.Nxb4 Kg4 54.Kd3 Ne5+ 55.Ke4 Nf3 56.h3+ Kg3 57.Nd5 Ng5+
58.Ke5 Nxh3 59.Kf6 g5 60.Kg6 Kf3 61.Nf6 Kf4  1-0

[Event "Lichtenrader Autumn"]
[Site "Berlin GER"]
[Date "2005.10.07"]
[Round "7"]
[White "Moehring,G"]
[Black "Hannebauer,T"]
[Result "0-1"]
[WhiteElo "2308"]
[BlackElo "2181"]

1.Nf3 Nf6 2.g3 g6 3.c4 Bg7 4.Bg2 O-O 5.d4 d6 6.O-O Nbd7 7.Nc3 c6 8.Qc2 Re8
9.Rd1 e5 10.e4 a5 11.h3 Qe7 12.Be3 exd4 13.Nxd4 Nc5 14.Re1 Nfd7 15.Rad1 Ne5
16.b3 g5 17.f4 gxf4 18.gxf4 Ng6 19.Nf5 Bxf5 20.exf5 Nh4 21.Bxc5 Qxe1+ 22.Rxe1 Rxe1+
23.Kf2 Rae8 24.f6 Bxf6 25.Ne4 R1xe4 26.Bxe4 dxc5 27.Bxh7+ Kg7 28.Bd3 Bd4+
29.Kg3 Kh6 30.f5 Rg8+  0-1

[Event "2nd Bundesliga Ost 2005-6"]
[Site "Austria AUT"]
[Date "2005.10.09"]
[Round "2"]
[White "Lipka,J"]
[Black "Neulinger,M"]
[Result "1/2-1/2"]
[WhiteElo "2395"]
[BlackElo "2323"]

1.Nf3 Nf6 2.c4 g6 3.g3 Bg7 4.Bg2 O-O 5.O-O d6 6.d4 Na6 7.Nc3 c5 8.d5 Nc7
9.e4 Bg4 10.h3 Bxf3 11.Qxf3 Nd7 12.Rd1 e6 13.dxe6 fxe6 14.Qe2 Bd4  1/2-1/2

[Event "12th Young Masters"]
[Site "Zug SUI"]
[Date "2005.10.09"]
[Round "2"]
[White "Gasthofer,A"]
[Black "Berkvens,J"]
[Result "1/2-1/2"]
[WhiteElo "2418"]
[BlackElo "2430"]

1.Nf3 Nf6 2.g3 g6 3.c4 Bg7 4.Bg2 O-O 5.O-O d6 6.d4 Nc6 7.Nc3 Rb8 8.e3 a6
9.Qe2 b5 10.Rd1 Nd7 11.b3 bxc4 12.Qxc4 Rb4 13.Qe2 e5 14.Bb2 exd4 15.Nd5 Rb5
16.Nxd4 Nxd4 17.Bxd4 Ne5 18.Bxe5 Bxe5 19.Rac1 c5 20.Nc3 Bxc3 21.Rxc3 Qf6
22.Rcd3 Rd8 23.Qd2 c4 24.Rxd6 Rxd6 25.Qxd6 Qxd6 26.Rxd6 cxb3 27.axb3 Be6
28.Rxa6 Rxb3 29.Ra1 g5 30.h3 Kg7 31.g4 Rb2 32.Bf3 Ba2 33.Kg2 Kf6 34.Kg3 Rd2
35.Be4 h6 36.Rc1 Ke5 37.Bg2 Kf6 38.Rc6+ Kg7 39.Be4 Bb3 40.Rb6 Bc4 41.Bf5 Ba2
42.Rb7 Bc4 43.Be4 Ba2 44.Rc7 Bb3 45.Rc1 Kf6 46.Rb1 Ba2 47.Rh1 Bb3 48.Bf3 Rb2
49.h4 Be6 50.h5 Rb4 51.Rd1 Ra4 52.Rc1 Rb4 53.Be2 Ra4 54.Rc3 Rb4 55.Bd1 Rb1
56.Rd3 Rb4 57.f3 Rb1 58.Bc2 Rc1 59.Bb3 Bxb3 60.Rxb3 Kg7 61.Rb2 Ra1 62.Rd2 Re1
63.Kf2 Rh1 64.Ke2 Rh2+ 65.Kd3 Rh3 66.Ke4 Rg3 67.Rf2 Rg1 68.Kf5 Re1 69.Ke4 Rg1
70.Kd3 Rg3 71.Ke2 Rg1 72.Kd3 Rg3 73.e4 Rg1 74.e5 Ra1 75.Re2 Ra3+ 76.Ke4 Ra4+
77.Ke3 Ra3+ 78.Kf2 Ra6 79.Re4 Rb6 80.Kg3 Ra6 81.Re3 Rb6 82.Rd3 Rb5 83.Re3 Rb6
84.Kf2 Ra6 85.Rd3 Rb6 86.Rd4 Rb2+ 87.Kg3 Rb5 88.e6 fxe6 89.Rd7+ Kg8 90.Re7 Re5
91.Kf2 Kh8 92.Rf7 Kg8 93.Ra7 Kh8 94.Ra3 Kg7 95.Ra7+ Kh8 96.Ra2 Kg7 97.Ra3 Kg8
98.Re3 Rxe3 99.Kxe3 Kf7 100.Kd4 Ke8 101.Kc4 Kd7 102.Kc5 Kc7 103.Kc4 Kd6 104.Kd4  1/2-1/2

[Event "Goodbye Summer Open"]
[Site "Omis CRO"]
[Date "2005.10.15"]
[Round "8"]
[White "Bozanic,I"]
[Black "Armanda,I"]
[Result "1-0"]
[WhiteElo "2239"]
[BlackElo "2343"]

1.c4 Nf6 2.Nf3 g6 3.g3 Bg7 4.Bg2 O-O 5.O-O d6 6.d4 Nc6 7.Nc3 Bf5 8.Ne1 Na5
9.e4 Bd7 10.b3 c5 11.Bb2 cxd4 12.Qxd4 a6 13.Qd2 Rc8 14.Nd3 Be6 15.Nf4 Bxc4
16.bxc4 Nxc4 17.Qe2 Nxb2 18.Qxb2 Nxe4 19.Bxe4 Bxc3 20.Qxb7 Bxa1 21.Rxa1 e6
22.Qxa6 Qf6 23.Qf1 d5 24.Bd3 Rfd8 25.a4 e5 26.Ng2 e4 27.Bb5 Rc2 28.Rd1 d4
29.Re1 Qf3 30.a5 d3 31.Ne3 Rc5 32.Rb1 Qh5 33.Bc4 Rxa5 34.Rb7 Rf8 35.Qb1 Qe5
36.Qb3 Qf6 37.Ng4 Ra1+ 38.Kg2 Qf3+ 39.Kh3 Ra5 40.Bxf7+ Rxf7 41.Rb8+ Kg7 42.Qc3+ Rf6
43.Rb7+ Kh8 44.Nxf6 Qf5+ 45.Ng4+  1-0

[Event "TCh-HUN 2005-6"]
[Site "Hungary HUN"]
[Date "2005.10.16"]
[Round "1"]
[White "Ignacz,M"]
[Black "Istvanovszki,M"]
[Result "1-0"]
[WhiteElo "2286"]
[BlackElo "2120"]

1.Nf3 Nf6 2.g3 g6 3.Bg2 Bg7 4.c4 O-O 5.O-O c6 6.d4 d5 7.b3 a5 8.Nc3 Ne4 9.Bb2 a4
10.Nxa4 dxc4 11.Ne5 Bxe5 12.Bxe4 cxb3 13.axb3 Bg7 14.Qc2 Na6 15.Rfd1 Be6
16.Bc3 Qc7 17.Rac1 Rac8 18.Qb1 Qd8 19.b4 Bc4 20.Bf3 Bb5 21.Nb2 Qd6 22.Nd3 Bxd3
23.Rxd3 Nc7 24.Bd2 Rfd8 25.Bf4 Qd7 26.Rcd1 Nd5 27.Bd2 e6 28.e4 Nb6 29.Bc3 Na4
30.Ba1 Nb6 31.Qb3 Ra8 32.Bc3 Qe7 33.h4 h6 34.Bb2 Na4 35.Ba3 Qf6 36.Kg2 g5
37.h5 Bf8 38.d5 cxd5 39.exd5 e5 40.d6 Rxd6 41.Rxd6 Bxd6 42.Bxb7 Rb8 43.Qxa4 Rxb7
44.b5 Bb8 45.Bc5 Qf5 46.Rd8+ Kh7 47.b6 e4 48.Qe8 Qf3+ 49.Kg1  1-0

[Event "SCG First League m"]
[Site "Vrnjacka Banja SCG"]
[Date "2005.10.17"]
[Round "1"]
[White "Tadic,B"]
[Black "Brenjo,S"]
[Result "0-1"]
[WhiteElo "2510"]
[BlackElo "2465"]

1.Nf3 Nf6 2.c4 g6 3.g3 Bg7 4.Bg2 O-O 5.O-O d6 6.d4 c6 7.Nc3 Bg4 8.e4 e5 9.d5 cxd5
10.cxd5 b5 11.h3 Bd7 12.a3 a5 13.Be3 Na6 14.Nd2 Qb8 15.Nb3 a4 16.Nc1 Nc5
17.N1a2 Nb3 18.Rb1 Rc8 19.Nb4 Rc4 20.Re1 Qc7 21.Kh2 Rc8 22.f3 Qa5 23.Bf1 Rxb4
24.axb4 Qxb4 25.Qd3 Rc4 26.Bb6 Nc5 27.Qe3 Rd4 28.Na2 Qd2+ 29.Qxd2 Rxd2+ 30.Re2 Rd3
31.Kg2 Bf8 32.b4 axb3 33.Nc1 Rd1 34.Kf2 Rxc1 35.Rxc1 Nd3+ 36.Ke3 Nxc1 37.Rb2 Nh5
38.Kf2 f5 39.Rb1 Bh6 40.Bc7 fxe4 41.fxe4 Nf6 42.Bg2 Nxd5  0-1

[Event "Chigorin Mem"]
[Site "St Petersburg RUS"]
[Date "2005.10.21"]
[Round "7"]
[White "Drugov,P"]
[Black "Sjugirov,S"]
[Result "1/2-1/2"]
[WhiteElo "2277"]
[BlackElo "2376"]

1.Nf3 Nf6 2.c4 g6 3.g3 Bg7 4.Bg2 O-O 5.d4 d6 6.Nc3 Nbd7 7.O-O e5 8.e3 c6
9.b3 Re8 10.Bb2 e4 11.Nd2 d5 12.cxd5 cxd5 13.f3 exf3 14.Qxf3 Nb6 15.e4 dxe4
16.Ndxe4 Bf5 17.Nxf6+ Bxf6 18.Rad1 h5 19.Qxb7 Rb8 20.Qxa7 h4 21.g4 Bxg4 22.Rxf6 Qxf6
23.Ne4 Qd8 24.Rf1 Bf5 25.d5 Ra8 26.Nf6+ Qxf6 27.Qxa8 Qe7 28.Qc6 Qe3+ 29.Rf2 Nd7
30.Qc3 Qxc3 31.Bxc3 h3 32.Bf1 Re3 33.Bb2 Re1 34.Rd2 g5 35.Kf2 Re4 36.d6 Rf4+
37.Ke1 Kf8 38.Bb5 g4 39.Bc6 Ke8 40.Rf2 Rxf2 41.Kxf2 Kd8 42.a4 Nc5 43.a5 Be4
44.Bf6+ Kc8 45.Be8 Bd5 46.Be7 Bxb3 47.a6 Be6 48.Bb5 Kb8 49.Kg1 Ka7 50.Bh4 Bd7
51.Bc4 Nxa6 52.Bxf7 Kb6 53.Be7 Kc6 54.Kf2 Nc5 55.Bg6 Na4 56.Kg3 Nc3 57.Bh5 Ne4+
58.Kf4 Nxd6 59.Bxg4 Bxg4 60.Kxg4 Kd7 61.Bf6 Ke6 62.Ba1 Kf7 63.Kxh3 Kg6 64.Kg4 Nf5
65.Be5 Ne3+ 66.Kf3 Nf5 67.Kg4  1/2-1/2

[Event "Chigorin Mem"]
[Site "St Petersburg RUS"]
[Date "2005.10.21"]
[Round "7"]
[White "Rumiantsev,An"]
[Black "Gritsenko,An"]
[Result "1-0"]
[WhiteElo "2244"]
[BlackElo "2346"]

1.Nf3 Nf6 2.c4 g6 3.g3 Bg7 4.Bg2 O-O 5.O-O d6 6.d4 Nbd7 7.d5 a5 8.Nd4 Nc5
9.Nc3 e5 10.dxe6 fxe6 11.b3 e5 12.Nc2 Be6 13.Ba3 Qc8 14.Bxc5 dxc5 15.Na4 b6
16.Bxa8 Qxa8 17.Ne3 Bh3 18.Nc3 Bxf1 19.Qxf1 c6 20.Qh3 Qe8 21.Rd1 Qe7 22.Ng4 e4
23.Nxf6+ Rxf6 24.Qd7 Qe5 25.Na4 e3 26.f3 h5 27.Nxb6 Rxf3 28.Qxc6 Rf6 29.Qa8+ Rf8
30.Qd5+ Kh7 31.Qxe5 Bxe5 32.Nd7 Rd8 33.Rd3 Bc7 34.Nxc5 Rc8 35.Ne6 Be5 36.Rxe3 Bf6
37.Rd3 Re8 38.Nf4 Bg5 39.e3 Re5 40.Rd5 Bxf4 41.exf4  1-0

[Event "SCG First League m"]
[Site "Vrnjacka Banja SCG"]
[Date "2005.10.22"]
[Round "6"]
[White "Tadic,B"]
[Black "Markovic,Miros"]
[Result "1-0"]
[WhiteElo "2510"]
[BlackElo "2489"]

1.Nf3 Nf6 2.c4 g6 3.g3 Bg7 4.Bg2 O-O 5.O-O d6 6.d4 Nbd7 7.Nc3 e5 8.e4 exd4
9.Nxd4 Re8 10.h3 Nc5 11.Re1 Bd7 12.Rb1 h6 13.Kh2 Qc8 14.b4 Ne6 15.Nxe6 Bxe6
16.Nd5 Qd8 17.Bb2 c6 18.Ne3 a5 19.a3 axb4 20.axb4 Ra2 21.Re2 Qa8 22.Rd2 h5
23.f4 Qa7 24.c5 dxc5 25.Rd8 Rxb2 26.Rxb2 Qb6 27.Rbd2 Rxd8 28.Rxd8+ Kh7 29.bxc5 Qxc5
30.Qf3 h4 31.g4 g5 32.e5 Ng8 33.Nf5 Bd5 34.Qd3 Qc4 35.Qxc4 Bxc4 36.Nxg7 Kxg7
37.f5 Ba6 38.f6+  1-0

[Event "Jababeka Women"]
[Site "Jakarta INA"]
[Date "2005.10.25"]
[Round "7"]
[White "Vidawati,S"]
[Black "Tamin,U"]
[Result "1-0"]
[WhiteElo "2122"]
[BlackElo "2219"]

1.Nf3 Nf6 2.g3 g6 3.Bg2 Bg7 4.c4 O-O 5.O-O d6 6.Nc3 c6 7.Rb1 e5 8.d3 Ne8
9.Bd2 f5 10.b4 Qc7 11.a4 h6 12.b5 Nd7 13.Ne1 Nc5 14.Nc2 Bd7 15.Nb4 Nf6 16.Qc2 Rf7
17.e3 Raf8 18.d4 Nce4 19.bxc6 bxc6 20.d5 c5 21.Na6 Qa5 22.Nxe4 Qxa6 23.Nxf6+ Bxf6
24.a5 Bg7 25.Rfc1 g5 26.Qb3 Kh7 27.Qb7 Bc8 28.Qxa6 Bxa6 29.Bf1 Kg6 30.Rb3 Rb7
31.Rxb7 Bxb7 32.Rb1 Ba6 33.Kg2 Kf6 34.f4 Ke7 35.Bc3 Bh8 36.fxe5 dxe5 37.Bd2 Kd6
38.Be2 e4 39.Bc1 Be5 40.Bb2 f4 41.Bxe5+ Kxe5 42.gxf4+ gxf4 43.exf4+ Rxf4
44.Rf1 Rxf1 45.Kxf1 Kf4 46.Ke1 Bc8 47.Bh5 Ke3 48.d6 Bb7 49.Bg4  1-0

[Event "9th Bavarian Open"]
[Site "Bad Wiessee GER"]
[Date "2005.10.29"]
[Round "1"]
[White "Donchenko,A"]
[Black "Redzepovic,I"]
[Result "0-1"]
[WhiteElo "2460"]
[BlackElo "2037"]

1.Nf3 Nf6 2.c4 g6 3.g3 Bg7 4.Bg2 O-O 5.O-O d6 6.Nc3 e5 7.Rb1 h6 8.d3 Nbd7
9.b4 a5 10.b5 Nc5 11.Nd2 Rb8 12.Nb3 b6 13.d4 Ne6 14.dxe5 dxe5 15.Ba3 Re8
16.c5 Qe7 17.Qc1 Bf8 18.Rd1 Bd7 19.e3 Rec8 20.Nd2 Be8 21.Bh3 Rd8 22.Qc2 bxc5
23.Nc4 c6 24.Rxd8 Nxd8 25.b6 Nb7 26.e4 Nh7 27.Bc1 Bg7 28.Bd2 Nf8 29.Na4 Bd7
30.Bg2 Ne6 31.Nxa5 Bf8 32.Nxb7 Rxb7 33.Nc3 Qd8 34.Qb2 Qa8 35.a4 Nd4 36.a5 Be6
37.Nd1 Bc4 38.Ne3 Bb5  0-1

[Event "Autumn Open"]
[Site "St Petersburg RUS"]
[Date "2005.10.30"]
[Round "2"]
[White "Ljubivyi,A"]
[Black "Korniushin,N"]
[Result "0-1"]
[WhiteElo "2062"]
[BlackElo "2351"]

1.Nf3 Nf6 2.c4 g6 3.g3 Bg7 4.Bg2 O-O 5.O-O c6 6.d4 d5 7.cxd5 cxd5 8.Nc3 e6
9.Ne5 Nfd7 10.Nxd7 Bxd7 11.e3 Nc6 12.Bd2 Na5 13.b3 Rc8 14.Rc1 Re8 15.Ne2 Qb6
16.Nf4 Bb5 17.Re1 Nc6 18.h4 a5 19.Bf1 Bxf1 20.Rxf1 Qa6 21.Qe2 Qxe2 22.Nxe2 Bf8
23.Rc2 Ba3 24.Bc1 Bd6 25.Bd2 Rc7 26.Kg2 Rec8 27.Rfc1 b6 28.Rd1 Kf8 29.Kh3 Ke7
30.Kg2 Kd7 31.Kh3 b5 32.Kg2 Ra8 33.Kh3 a4 34.bxa4 Rxa4 35.Nc3 Nb4 36.Rb2 Nd3
37.Nxa4 Nxf2+ 38.Kg2 Nxd1 39.Rxb5 Rc2  0-1

[Event "TCh-CZE Extraliga 2005-6"]
[Site "Czech Rep CZE"]
[Date "2005.11.05"]
[Round "3"]
[White "Jirovsky,M"]
[Black "Czakon,J"]
[Result "1-0"]
[WhiteElo "2476"]
[BlackElo "2477"]

1.Nf3 Nf6 2.c4 g6 3.g3 Bg7 4.Bg2 O-O 5.O-O d6 6.d4 Nc6 7.Nc3 a6 8.d5 Na5
9.b3 c5 10.dxc6 Nxc6 11.Bb2 Ne4 12.Qc1 Nxc3 13.Bxc3 Bxc3 14.Qxc3 Bd7 15.Rfd1 Qc7
16.Qe3 Kg7 17.Ng5 h6 18.Ne4 Be6 19.Qc3+ f6 20.Qe3 Bf7 21.Nc3 Rae8 22.Rac1 Ne5
23.Na4 Rd8 24.Nb6 Rfe8 25.Bh3 e6 26.Bg2 Nc6 27.Na4 d5 28.Qb6 Qxb6 29.Nxb6 d4
30.Rd2 e5 31.Rcd1 e4 32.a3 a5 33.b4 axb4 34.axb4 Nxb4 35.Rxd4 Rxd4 36.Rxd4 f5
37.Rd7 Rb8 38.f3 exf3 39.Bxf3 Nc6 40.Bd5 Nd8 41.Kf2 Kg8 42.Re7 Bxd5 43.cxd5 Nf7
44.Re6 Ng5 45.Re7 Nf7 46.h4 Kf8 47.Re6 Kg7 48.d6 Rd8 49.d7 Kf8 50.Ke3 Nh8
51.Kd4 Nf7 52.Kc5 h5 53.Kd5 Nh6 54.Kd6 Kf7 55.Re7+ Kf8 56.Rh7  1-0

[Event "TCh-BEL 2005-6"]
[Site "Belgium BEL"]
[Date "2005.11.06"]
[Round "3"]
[White "Schulz,KJ"]
[Black "Bezemer,A"]
[Result "1-0"]
[WhiteElo "2397"]
[BlackElo "2351"]

1.Nf3 Nf6 2.c4 g6 3.g3 Bg7 4.Bg2 O-O 5.O-O d6 6.d4 Nbd7 7.Nc3 e5 8.Qc2 a6
9.Rd1 exd4 10.Nxd4 Rb8 11.b3 c5 12.Nf3 b5 13.cxb5 axb5 14.Bf4 Ne8 15.Rac1 Ndf6
16.e4 Nh5 17.Be3 b4 18.Na4 Qe7 19.e5 Bxe5 20.Nxe5 Qxe5 21.Re1 Qf5 22.Qd2 Bb7
23.Bxb7 Rxb7 24.Rc4 Nhg7 25.Bh6 Qd7 26.Qd5 Nf6 27.Qf3 Re8 28.Rd1 Nf5 29.Nxc5 dxc5
30.Rxd7 Rxd7 31.Bg5 Re6 32.g4  1-0

[Event "WJun"]
[Site "Instanbul TUR"]
[Date "2005.11.20"]
[Round "11"]
[White "Nyback,T"]
[Black "Stellwagen,D"]
[Result "1-0"]
[WhiteElo "2563"]
[BlackElo "2561"]

1.Nf3 Nf6 2.c4 g6 3.g3 Bg7 4.Bg2 O-O 5.d4 d6 6.O-O Nbd7 7.Nc3 e5 8.e4 a6
9.dxe5 dxe5 10.Qc2 c6 11.Rd1 Qe7 12.h3 Ne8 13.b3 a5 14.Na4 Nc7 15.c5 f5 16.Bb2 Ne6
17.Rac1 f4 18.Qc4 Kh8 19.Nb6 Nxb6 20.cxb6 Ng5 21.Nxg5 Qxg5 22.Rd3 f3 23.h4 Qh5
24.Ba3 Bg4 25.Bxf8 Rxf8 26.Bh1 g5 27.hxg5 Qxg5 28.Rcc3 h5 29.Bxf3 Bh3 30.Bg2 Bg4
31.Qc5 Kh7 32.Rd6 Rf7 33.Qe3 Qxe3 34.Rxe3 Bf8 35.Red3 Bxd6 36.Rxd6 Kg7 37.Bf1 Bf3
38.Bg2 Bg4 39.Bf1 Bf3 40.Re6 Rd7 41.Bg2 Bg4 42.Rxe5 Kf6 43.Rxa5 Rd1+ 44.Kh2 Rd2
45.f3 Be6 46.Ra7 Bc8 47.Ra8 Be6 48.Rb8 Rxa2 49.Rxb7 Bxb3 50.Rc7 Rb2 51.Rxc6+ Ke7
52.Rc5 Bd1 53.Kh3 Rxb6 54.Rxh5 Rb3 55.Rf5 Ke6 56.g4 Bc2 57.Kh4 Bd3 58.g5 Ke7
59.Bh3 Bc4 60.g6  1-0

[Event "18th Belgrade Trophy"]
[Site "Obrenovac SCG"]
[Date "2005.11.23"]
[Round "2"]
[White "Pushkov,N"]
[Black "Popovic,Al"]
[Result "1/2-1/2"]
[WhiteElo "2448"]
[BlackElo "2045"]

1.Nf3 Nf6 2.c4 g6 3.g3 Bg7 4.Bg2 O-O 5.O-O d6 6.Nc3 Nc6 7.d3 e5 8.Rb1 Bg4
9.h3 Be6 10.e4 h6 11.b4 Nd7 12.Nd5 Ncb8 13.d4 Nb6 14.dxe5 dxe5 15.Qc2 c6
16.Ne3 a5 17.c5 N6d7 18.b5 cxb5 19.Rxb5 Na6 20.Nd5 Nb4 21.Qd2 Nf6 22.Nxe5 Nxe4
23.Bxe4 Bxe5 24.Rd1 Nxd5 25.Bxd5 Qf6 26.Bxe6 Qxe6 27.Rxb7 Qxh3 28.Qe3 Rae8
29.Qf3 Re6 30.Be3 Rf6 31.Qg2 Qg4 32.Rc1 Rd8 33.Rbb1 Rf3 34.c6 Rc8 35.Rb5 Bxg3
36.c7 Qe4 37.Rb8 Rxb8 38.cxb8=Q+ Bxb8 39.Rc8+ Kg7 40.Rxb8 Rxe3 41.fxe3 Qxe3+
42.Qf2 Qc1+ 43.Kg2 Qg5+ 44.Qg3 Qd2+ 45.Kh3 Qd7+ 46.Qg4 Qd3+ 47.Kg2 Qd2+ 48.Kg3 Qe1+
49.Kg2 Qd2+ 50.Kh3 Qe3+ 51.Qg3 Qe6+  1/2-1/2

[Event "National Chess Congress"]
[Site "Philadelphia USA"]
[Date "2005.11.26"]
[Round "3"]
[White "Zaichik,G"]
[Black "Mirabile,T"]
[Result "1-0"]
[WhiteElo "2501"]
[BlackElo "2202"]

1.Nf3 Nf6 2.c4 g6 3.g3 Bg7 4.Bg2 O-O 5.d4 d5 6.O-O dxc4 7.Na3 Nc6 8.Nxc4 Be6
9.b3 Bd5 10.Bb2 a5 11.Ne3 Be4 12.a3 h6 13.Rc1 Qd6 14.Ne5 Bxg2 15.Kxg2 Ra6
16.N5c4 Qd8 17.d5 Nb8 18.Qd2 c6 19.Rfd1 cxd5 20.Bxf6 exf6 21.Qxd5 Qxd5+ 22.Rxd5 Nc6
23.g4 Rb8 24.Rcd1 b5 25.Nd6 Rab6 26.Ne4 Re8 27.Nd6 Re5 28.Rxe5 fxe5 29.Nd5 Rb8
30.e3 Bf8 31.Nf6+ Kg7 32.Nfe8+ Kg8 33.Nf6+ Kg7 34.Nfe8+ Kg8 35.Rc1 Bxd6 36.Nxd6 Rb6
37.Nc8  1-0

[Event "18th Belgrade Trophy"]
[Site "Obrenovac SCG"]
[Date "2005.11.28"]
[Round "7"]
[White "Hrzic,I"]
[Black "Radivojevic,Mila"]
[Result "1-0"]
[WhiteElo "2286"]
[BlackElo "2172"]

1.Nf3 Nf6 2.c4 g6 3.g3 Bg7 4.Bg2 O-O 5.O-O d6 6.d4 c5 7.Nc3 Nc6 8.d5 Na5
9.Nd2 Nd7 10.Qc2 a6 11.Rb1 b5 12.b3 Rb8 13.Bb2 Bh6 14.f4 Nf6 15.Nd1 Bg7 16.e4 e6
17.Ne3 exd5 18.cxd5 Qb6 19.Nf3 Re8 20.e5 Ng4 21.Nxg4 Bxg4 22.Qf2 Bxf3 23.Qxf3 Re7
24.Kh1 Rbe8 25.exd6 Rd7 26.Bxg7 Kxg7 27.f5 Rf8 28.f6+ Kh8 29.Qf4 Rxd6 30.Rbe1 Nb7
31.Re7 Nd8 32.Qe5 h6 33.Qf4 Kh7 34.Be4 Rg8 35.Re5  1-0

[Event "IX Mirko Srajber mem"]
[Site "Subotica SCG"]
[Date "2005.12.03"]
[Round "3"]
[White "Bogosavljevic,B"]
[Black "Sedlak,N"]
[Result "0-1"]
[WhiteElo "2325"]
[BlackElo "2512"]

1.Nf3 Nf6 2.c4 g6 3.g3 Bg7 4.Bg2 O-O 5.O-O d6 6.d4 c6 7.Nc3 Qb6 8.b3 e5 9.c5 Qa5
10.Bd2 exd4 11.Ne4 Qa3 12.Nxd6 Qxc5 13.Nxc8 Rxc8 14.Rc1 Qb6 15.e3 dxe3 16.Bxe3 Qa5
17.Nd2 Rd8 18.Nc4 Qc7 19.Qe2 Qe7 20.Rfe1 Nd5 21.Qf3 Nxe3 22.Rxe3 Qf8 23.Rce1 Nd7
24.Re7 Re8 25.Rxe8 Rxe8 26.Rxe8 Qxe8 27.Bf1 Qe7 28.Qf4 b5 29.Na5 Ne5 30.Bg2 Qd8
31.b4 c5 32.h3 c4 33.Nc6 Nxc6 34.Bxc6 c3 35.Be4 Qd1+ 36.Kh2 c2  0-1

[Event "TCh-CZE Extraliga 2005-6"]
[Site "Czech Rep CZE"]
[Date "2005.12.04"]
[Round "6"]
[White "Cerveny,M"]
[Black "Bindrich,F"]
[Result "0-1"]
[WhiteElo "2226"]
[BlackElo "2391"]

1.Nf3 Nf6 2.c4 g6 3.g3 Bg7 4.Bg2 O-O 5.d4 d6 6.O-O Nc6 7.Nc3 a6 8.d5 Na5
9.Nd2 c5 10.Qc2 Rb8 11.Rb1 b5 12.b3 e5 13.cxb5 axb5 14.b4 cxb4 15.Rxb4 Ba6
16.Bb2 Qd7 17.Rc1 Rfc8 18.Qd1 Rb7 19.e3 Rc5 20.Nb3 Nxb3 21.Qxb3 Rbc7 22.Rd1 Qf5
23.h3 h5 24.e4 Qd7 25.Bf1 Qc8 26.Nb1 Bh6 27.Nd2 h4 28.g4 Rc2 29.g5 Bxg5 30.Nf3 Bc1
31.Bxc1 R7c3 32.Bg5 Rxb3 33.Rxb3 Nxe4 34.Bxh4 Rxa2 35.Bd3 Qxh3 36.Bxe4 Qg4+
37.Bg3 Qxe4 38.Nxe5 Rd2 39.Rxd2 Qe1+ 40.Kh2 Qxd2 41.Ng4 Bc8 42.Ne3 b4 43.Bxd6 Qxf2+
44.Ng2 Bb7 45.Rxb4 Bxd5 46.Rg4 Bxg2 47.Rxg2 Qh4+  0-1

[Event "Open"]
[Site "Erandio ESP"]
[Date "2005.12.18"]
[Round "4"]
[White "Rodriguez Gonzalez,A"]
[Black "Paunovic,D"]
[Result "1-0"]
[WhiteElo "2070"]
[BlackElo "2514"]

1.Nf3 Nf6 2.c4 g6 3.g3 Bg7 4.Bg2 O-O 5.O-O c6 6.d4 d6 7.Nc3 Nbd7 8.Qc2 e5
9.Rd1 Qe7 10.e4 h6 11.h3 Nh5 12.b3 exd4 13.Nxd4 Nc5 14.Be3 f5 15.exf5 Nxg3
16.fxg6 Bxd4 17.Bxd4 Nf5 18.Qe2 Qg5 19.Qg4 Nxd4 20.Qxg5 Nf3+ 21.Bxf3 hxg5
22.Bg2 Bxh3 23.Rxd6 Bf5 24.b4 Nd3 25.Be4 Nxf2 26.Bxf5 Rxf5 27.Rd7 Nh3+ 28.Kh2 Rf2+
29.Kxh3 Rf3+ 30.Kg4 Rxc3 31.Re1 Rxc4+ 32.Kxg5 Rc2 33.Ree7 Rg2+ 34.Kf6 Rf2+
35.Ke6 Re2+ 36.Kd6 Rxe7 37.Rxe7 a5 38.a3 axb4 39.axb4 Rd8+ 40.Rd7 Rb8 41.Kc5 Kf8
42.Kb6 Re8 43.Rxb7 Re6 44.g7+ Kg8 45.Kc5  1-0

[Event "1st ch-BIH"]
[Site "Brcko BIH"]
[Date "2005.12.21"]
[Round "8"]
[White "Jakovljevic,Vlado"]
[Black "Muratovic,Ef"]
[Result "1-0"]
[WhiteElo "2385"]
[BlackElo "2361"]

1.Nf3 Nf6 2.c4 g6 3.g3 Bg7 4.Bg2 O-O 5.d4 c6 6.Nc3 d5 7.cxd5 cxd5 8.Ne5 e6
9.O-O Nfd7 10.f4 Qb6 11.Na4 Qd6 12.Be3 b6 13.Rc1 Bb7 14.Bf2 Nf6 15.Qc2 Na6
16.Nc3 Rfc8 17.Qa4 Bf8 18.a3 Nc7 19.Rc2 Nce8 20.g4 a6 21.Rfc1 h6 22.Qb3 b5
23.Na4 Rxc2 24.Rxc2 Rc8 25.Nc5 Qe7 26.Bh4 g5 27.fxg5 hxg5 28.Bxg5 Qc7 29.Qf3 Bg7
30.Rc3 Nh7 31.Nxe6 fxe6 32.Rxc7 Rxc7 33.Bd8 Rc1+ 34.Bf1 Nd6 35.Qe3 Rd1 36.Qf4 Bc8
37.Nc6 Nf7 38.Ne7+ Kf8 39.Nxc8 Bxd4+ 40.Kg2 Be5 41.Qf3 Rd4 42.h3 Rf4 43.Qd3 Kg7
44.Bh4 Rd4 45.Qe3 Re4 46.Qa7 Nf8 47.Bg3 Bd4 48.Qb7 Kg8 49.Nd6 Nxd6 50.Bxd6  1-0

[Event "8th Open ch-Bajmok"]
[Site "Bajmok SCG"]
[Date "2005.12.23"]
[Round "1"]
[White "Kovac,Z"]
[Black "Ikras,D"]
[Result "1/2-1/2"]
[WhiteElo "2059"]
[BlackElo "2131"]

1.Nf3 g6 2.g3 Bg7 3.Bg2 Nf6 4.c4 O-O 5.Nc3 d6 6.O-O e5 7.d3 Nc6 8.e4 h6 9.Nd5 Ne8
10.Ne1 Be6 11.f4 Qd7 12.Nf3 Bg4 13.Qa4 Kh7 14.Kh1 Bh3 15.Bd2 Bxg2+ 16.Kxg2 Qe6
17.f5 Qd7 18.g4 gxf5 19.gxf5 Rg8 20.Kh1 Nf6 21.Rg1 Bh8 22.Nxf6+ Bxf6 23.Be3 Qe7
24.Qb5 Qd7 25.Rxg8 Rxg8 26.Rg1 Rxg1+ 27.Kxg1 Qc8 28.Kf2 a6 29.Qb3 Ne7 30.c5 d5
31.a3 c6 32.Qc2 Qd7 33.b4 Qd8 34.Qb3 Kg7 35.a4 Ng8 36.b5 axb5 37.axb5 Ne7
38.Ke2 Kh7 39.h3 Qd7 40.b6 Ng8 41.Qb2 d4 42.Bd2 Qe7 43.Qc1 Bg7 44.Be1 Bf8
45.Bb4 Nf6 46.Qg1 Nd7 47.Qg3 Bg7 48.Nd2 Nxb6 49.cxb6 Qxb4 50.Nc4 Qe7 51.Kd2 Bf6
52.Ke2 Qc5 53.Ke1 Qb4+ 54.Ke2 Qf8 55.Kd1 Qa8 56.Ke2 Qa2+ 57.Ke1 Qb1+ 58.Ke2 Qc2+
59.Ke1 Qc1+ 60.Ke2 Bg5 61.h4 Bf4 62.Qf3 Qc2+ 63.Ke1 Qh2 64.h5 Qg1+ 65.Ke2 Bg3
66.Kd2 Qe1+ 67.Kc2 Qc3+ 68.Kd1  1/2-1/2

[Event "Master Open"]
[Site "Zurich SUI"]
[Date "2005.12.26"]
[Round "1"]
[White "Seel,C"]
[Black "Nuri,Kam"]
[Result "1-0"]
[WhiteElo "2492"]
[BlackElo "2074"]

1.Nf3 Nf6 2.c4 g6 3.g3 Bg7 4.Bg2 O-O 5.O-O d6 6.Nc3 e5 7.d4 Nbd7 8.h3 c6
9.e4 Qe7 10.Re1 a5 11.b3 Nh5 12.Bg5 Bf6 13.Be3 Rd8 14.Qc2 Bg7 15.Rad1 Nhf6
16.c5 exd4 17.cxd6 Qxd6 18.Rxd4 Qe7 19.e5  1-0